HINDI PATRAKARITA KA ITHIHAAS: UTTAR PRADESH (Record no. 28516)
[ view plain ]
| 000 -LEADER | |
|---|---|
| fixed length control field | 00332nam a22001457a 4500 |
| 003 - CONTROL NUMBER IDENTIFIER | |
| control field | SGT |
| 020 ## - INTERNATIONAL STANDARD BOOK NUMBER | |
| International Standard Book Number | 9789382313038 |
| 082 ## - DEWEY DECIMAL CLASSIFICATION NUMBER | |
| Classification number | 070 |
| Item number | H16P |
| 100 ## - MAIN ENTRY--PERSONAL NAME | |
| Personal name | PRATAP, ABHAY |
| 245 ## - TITLE STATEMENT | |
| Title | HINDI PATRAKARITA KA ITHIHAAS: UTTAR PRADESH |
| 260 ## - PUBLICATION, DISTRIBUTION, ETC. (IMPRINT) | |
| Name of publisher, distributor, etc | HINDI GRANTH ACADEMY |
| Year of Publication | 2016 |
| 300 ## - PAGE DESCRIPTION | |
| No. of Pages | 416 |
| 650 ## - SUBJECT ADDED ENTRY--TOPICAL TERM | |
| Topical term or geographic name as entry element | JOURNALISM |
| 942 ## - ADDED ENTRY ELEMENTS (KOHA) | |
| Source of classification or shelving scheme | Dewey Decimal Classification |
| Koha item type | Books |
| Withdrawn status | Lost status | Source of classification or shelving scheme | Damaged status | Not for loan | Home library | Current library | Shelving location | Date acquired | SGTU | Total Checkouts | Full call number | Accession No. (Barcode) | Date last seen | Bill Date | Koha item type |
|---|---|---|---|---|---|---|---|---|---|---|---|---|---|---|---|
| Dewey Decimal Classification | Not For Loan | SGT Chancellor's Library | SGT Chancellor's Library | Reference Book | 28/12/2024 | SGTU | 070 H16P | CH1412 | 28/12/2024 | 28/12/2024 | Books |